The Wiley-Blackwell handbook of legal and ethical aspects of sex offender treatment and management /

This handbook combines the latest theory on a high-profile, complex subject in criminology, exploring the legal and ethical dimensions of society's response to sex offenders in jurisdictions from the USA to Japan. The first publication to offer a detailed and wide-ranging analysis of legal and...

Πλήρης περιγραφή

Λεπτομέρειες βιβλιογραφικής εγγραφής
Άλλοι συγγραφείς: Harrison, Karen, 1974-, Rainey, Bernadette
Μορφή: Ηλ. βιβλίο
Γλώσσα:English
Έκδοση: Malden, MA : Wiley-Blackwell, 2013.
Θέματα:
Διαθέσιμο Online:Full Text via HEAL-Link
LEADER 06439nam a2200817 4500
001 ocn809456967
003 OCoLC
005 20170124071718.1
006 m o d
007 cr |||||||||||
008 120907s2013 mau ob 001 0 eng
010 |a  2012036601 
040 |a DLC  |b eng  |e pn  |c DLC  |d YDX  |d N$T  |d DG1  |d IDEBK  |d E7B  |d NOC  |d CDX  |d YDXCP  |d EBLCP  |d MHW  |d AU@  |d UX0  |d DEBSZ  |d OCLCQ  |d GrThAP 
019 |a 827207628  |a 855784230  |a 880901944  |a 957734984  |a 958081234 
020 |a 9781118314920  |q (ePub) 
020 |a 1118314921  |q (ePub) 
020 |a 9781118314906  |q (MobiPocket) 
020 |a 1118314905  |q (MobiPocket) 
020 |a 9781118314913  |q (Adobe PDF) 
020 |a 1118314913  |q (Adobe PDF) 
020 |a 9781118314876 
020 |a 1118314875 
020 |z 9781119945550  |q (cloth) 
029 1 |a AU@  |b 000050010827 
029 1 |a AU@  |b 000052914207 
029 1 |a CHNEW  |b 000600024 
029 1 |a DEBSZ  |b 431332207 
029 1 |a DKDLA  |b 820120-katalog:000655389 
029 1 |a NLGGC  |b 356787125 
029 1 |a NZ1  |b 14934722 
029 1 |a NZ1  |b 15350985 
029 1 |a DEBSZ  |b 456518363 
029 1 |a DEBBG  |b BV043395034 
035 |a (OCoLC)809456967  |z (OCoLC)827207628  |z (OCoLC)855784230  |z (OCoLC)880901944  |z (OCoLC)957734984  |z (OCoLC)958081234 
042 |a pcc 
050 0 0 |a K5194 
072 7 |a SOC  |x 004000  |2 bisacsh 
082 0 0 |a 364.4/045  |2 23 
049 |a MAIN 
245 0 4 |a The Wiley-Blackwell handbook of legal and ethical aspects of sex offender treatment and management /  |c edited by Karen Harrison and Bernadette Rainey. 
246 3 0 |a Handbook of legal and ethical aspects of sex offender treatment and management 
264 1 |a Malden, MA :  |b Wiley-Blackwell,  |c 2013. 
300 |a 1 online resource. 
336 |a text  |b txt  |2 rdacontent 
337 |a computer  |b c  |2 rdamedia 
338 |a online resource  |b cr  |2 rdacarrier 
500 |a Includes index. 
505 0 |a Sexual offenders, law, and morals : can behaviour and attitudes be changed by legal and moral efforts? / Knut Hermstad -- Human rights and sexual offenders / Bernadette Rainey -- Sex offenders, consent to treatment, and the politics of risk / Phil Fennell -- Special offender groups and equality : a duty to treat differently? / Bernadette Rainey -- Expert evidence, ethics, and the law / Tony Ward -- Ethical issues in sex offender research / Tony Ward and Gwenda Willis -- Reintegrative and disintegrative shaming : legal and ethical issues / Anne-Marie McAlinden -- Castrate 'em? : treatments, cures, and ethical considerations in UK press coverage of chemical castration / Peter Brown -- Sentencing sex offenders : an international comparison of sentencing policy and legislation / Karen Harrison -- Sentencing and criminal justice policy for sexual crimes in Japan : possible impact of the lay judge system / Mari Hirayama -- Unique disadvantages, unique needs : Native American sex offenders / Nora V. Demleitner -- Mandated reporting laws : experiences from Israel / Sheri Oz -- Treatment for adult sex offenders : may we reject the null hypothesis? / Marnie E. Rice and Grant T. Harris -- Ethical issues in treating sexual offenders : applying empirically-based process features of treatment delivery / W.L. Marshall and L.E. Marshall -- A forensic psychologist's involvement in working with sex offenders / Daniel T. Wilcox -- Punishment and the rehabilitation of sex offenders : an ethical maelstrom / Tony Ward and Chelsea Rose -- Distinguishing moral and clinical decisions in sex offender programmes : the good lives model and virtue ethics / Bill Glaser -- Pharmacological treatment of sexual offenders and its legal and ethical aspects / Raphaela Basdekis-Jozsa, Daniel Turner, and Peer Briken -- Female sexual offenders : the need for a gender responsive approach / Sherry Ashfield, Sheila Brotherston, Hilary Eldridge and Ian Elliott -- A convergent approach to sex offender risk assessment / Jeffrey C. Singer, Douglas P. Boer, and Martin Rettenberger -- Sex offender registration in the USA and the UK : emerging legal and ethical debates / Terry Thomas -- A more ethical way of working : circles of support and accountability / Stephen Hanvey and Mechtild H'ing -- Ethical practice and the use of the polygraph in working with sex offenders / Daniel T. Wilcox -- Sex offender civil commitment : legal and ethical issues / Rebecca L. Jackson and Christmas N. Covell -- Sex offender residence restrictions : a systematic review of the literature / Daniel Pacheco and J.C. Barnes -- The travelling sex offender : monitoring movements across international borders / Terry Thomas -- Hell is other people : the importance of controlling paedophilic activity / Xanth Mallett and Jann Karp. 
588 0 |a Print version record and CIP data provided by publisher. 
504 |a Includes bibliographical references and index. 
520 |a This handbook combines the latest theory on a high-profile, complex subject in criminology, exploring the legal and ethical dimensions of society's response to sex offenders in jurisdictions from the USA to Japan. The first publication to offer a detailed and wide-ranging analysis of legal and ethical issues relating to sex offender treatment and managementCovers a range of related issues, from media coverage to equality dutiesPresents research from numerous national jurisdictions including the UK, USA, Australia, New Zealand, Canada, Norway, Germany, Netherlan. 
650 0 |a Sex offenders. 
650 0 |a Sex offenders  |x Rehabilitation. 
650 0 |a Sex offenders  |x Treatment. 
650 0 |a Sex crimes  |x Treatment. 
650 0 |a Sex crimes  |x Moral and ethical aspects. 
650 0 |a Forensic psychology. 
650 4 |a Forensic psychology. 
650 4 |a Sex crimes  |x Moral and ethical aspects. 
650 4 |a Sex crimes  |x Treatment. 
650 4 |a Sex offenders. 
650 4 |a Sex offenders  |x Rehabilitation. 
650 4 |a Sex offenders  |x Treatment. 
650 7 |a SOCIAL SCIENCE  |x Criminology.  |2 bisacsh 
655 4 |a Electronic books. 
655 0 |a Electronic books. 
700 1 |a Harrison, Karen,  |d 1974- 
700 1 |a Rainey, Bernadette. 
776 0 8 |i Print version:  |t Wiley-Blackwell handbook of legal and ethical aspects of sex offender treatment and management.  |d Chichester, West Sussex, ; Malden, MA : John Wiley & Sons, 2013  |z 9781119945550  |w (DLC) 2012033915 
856 4 0 |u https://doi.org/10.1002/9781118314876  |z Full Text via HEAL-Link 
994 |a 92  |b DG1